000 00578nam a2200169 i 4500
001 80719
003 ES-MaACL
005 20250720063047.0
007 t|
008 041029s1909 fr ||||1| spa d
100 1 _aHostos, Eugenio María de,
_d1839-1903
_964302
245 1 0 _aMeditando
_b: Hamlet, Plácido, Carlos Guido Spano, Guillemo Matta : lo que no quiso el lírico quisoqueya /
_cEugenio María de Hostos.
260 _a[S.l. :
_bs.n.,
_c1909] (
_eTours :
_fDeslis)
300 _aIX, 331 p. ;
_c19 cm.
852 _aES-MaACL
_jD-2328
999 _c80719
_d80719